| 000 | 00773nam a2200253Ia 4500 | ||
|---|---|---|---|
| 001 | dia_2112 | ||
| 003 | CHAP | ||
| 005 | 20251027153917.0 | ||
| 008 | 220117s1975 xx 000 0 und d | ||
| 010 | _a172650 | ||
| 040 | _cCHAP | ||
| 082 | _a636.932 P6 | ||
| 100 |
_aPortsmouth, J.I. _991014 |
||
| 245 |
_aProducción Comercial de Conejos para Carne / _c por J.I. Portsmouth, traducido por Jaime Esain Escobar |
||
| 250 | _a2 | ||
| 260 |
_aZaragoza, España : _b Butterworth and CO., _c1975 |
||
| 300 | _a207 p. | ||
| 400 | _aMANUALES DE TÉCNICA AGROPECUARIA | ||
| 600 |
_a1.Conejos-producción/ 2.Carne-conejos _9152264 |
||
| 901 | _a636.932 P6 | ||
| 902 | _aM | ||
| 905 | _a0000001975 ZARA 0000000000ESP00 | ||
| 942 |
_cLIBRO _2ddc |
||
| 999 |
_c172650 _d172650 |
||